00392nam a2200157Ia 45000010006000000050017000060080041000230410008000640820016000721000033000882450061001212600009001823000027001916500008002186540008002261594920260306170233.0260306t2001||||xx |||||||||||||| ||und|| aESP a620.86bB61 aBlanco Solsona, AntonioeAUT 0aSeguridad en las instalaciones de sistemas automáticos c2001 axii, 166 páginas :c aGEN aCII